philo revision - Statistiques

Statistiques générales
  • Ce quiz a été pris 19 fois
  • Le résultat moyen est 4 sur 71
Statistiques - réponses
Hint Réponse % Correct
Nature Aristote
50%
Conscience Descartes
38%
Travail Marx
38%
Devoir Kant
31%
Langage Bergson
25%
Epicure
19%
Freud
19%
Liberté Kant
19%
Raison Descartes
13%
Hobbes
13%
Kant
13%
Platon
13%
Bonheur Aristote
6%
Etat Aristote
6%
Bataille
6%
Freud
6%
Religion Freud
6%
Hegel
6%
Hegel
6%
Hobbes
6%
Hobbes
6%
Kant
6%
Marx
6%
Nietzsche
6%
Science Pascal
6%
Pascal
6%
Platon
6%
Rousseau
6%
Sartre
6%
1984
0%
Arendt
0%
Arendt
0%
Bakounine
0%
Bergson
0%
Technique Bergson
0%
Inconscient Bergson
0%
Bergson
0%
Boileau
0%
Bourdieu
0%
Caliclès
0%
Descartes
0%
Art Duchamp
0%
Durkheim
0%
Epicure
0%
Goethe
0%
Hacking
0%
Hegel
0%
Heidegger
0%
Heidegger
0%
Horace
0%
Hume
0%
Kant
0%
Kant
0%
Kant
0%
Verité Locke
0%
Locke
0%
Luther King
0%
Temps Nolan
0%
Pascal
0%
Popper
0%
Proudhon
0%
Rousseau
0%
Sartre
0%
Art Schoppenhauer
0%
Socrate
0%
Justice St Augustin
0%
Strauss
0%
St Thomas
0%
Thoreau
0%
Weil
0%
Wittgenstein
0%
Aucun quiz correspondant
Distribution des résultats
% des personnes avec chaque résultat
Percentile par nombre de réponses
Votre historique - résultats
Vous n’avez pas pris ce quiz